LEADER 01452nam 2200397Ia 450 001 9910701429103321 005 20120417134157.0 035 $a(CKB)5470000002418789 035 $a(OCoLC)785903285 035 $a(EXLCZ)995470000002418789 100 $a20120417d2006 ua 0 101 0 $aeng 135 $aurbn||||||||| 181 $ctxt$2rdacontent 182 $cc$2rdamedia 183 $acr$2rdacarrier 200 00$aBenefits and costs of Clean Air Act$b[electronic resource] $eair quality modeling issues /$f[signed] Trudy Cameron and David T. Allen 210 1$aWashington, DC :$cU.S. Environmental Protection Agency, Office of the Administrator, Science Advisory Board,$d2006. 215 $a1 online resource (2 unnumbered pages) 300 $aNovember 29, 2006. 300 $a"EPA-COUNCIL-07-001." 517 $aBenefits and costs of Clean Air Act 606 $aAir$xPollution 606 $aEnvironmental risk assessment 615 0$aAir$xPollution. 615 0$aEnvironmental risk assessment. 701 $aCameron$b Trudy$01407667 701 $aAllen$b David T$0772606 712 02$aUnited States.$bEnvironmental Protection Agency.$bOffice of the Administrator. 712 02$aUnited States.$bEnvironmental Protection Agency.$bScience Advisory Board. 801 0$bGPO 801 1$bGPO 906 $aBOOK 912 $a9910701429103321 996 $aBenefits and costs of Clean Air Act$93489697 997 $aUNINA